Statistics for Top 100 Biggest Cities in Bolivia

Click here to take the quiz!

General Stats

  • This quiz has been taken 38 times
  • The average score is 13 of 100

Answer Stats

#CityPopulation% Correct
3La Paz812,799
100%
4Sucre224,838
100%
2Cochabamba900,414
80%
1Santa Cruz de la Sierra1,364,389
80%
11Trinidad84,259
60%
7Potosí141,251
52%
5Oruro208,864
48%
6Tarija159,269
44%
21Cobija26,585
32%
37Rurrenabaque11,749
32%
40Uyuni10,293
28%
9Montero88,616
24%
10Quillacollo87,309
24%
13Riberalta74,014
24%
8Sacaba107,628
24%
25Warnes22,036
24%
24Tupiza22,233
20%
61Camargo4,715
16%
20Camiri27,961
16%
49Challapata8,016
16%
52Concepción6,900
16%
98Coroico2,361
16%
17Mizque30,481
16%
46Monteagudo8,289
16%
86Padilla2,920
16%
22San Borja24,610
16%
64San Ramón4,389
16%
34Santa Ana del Yacuma12,783
16%
62Santa Rosa de Yacuma4,459
16%
12Yacuiba82,803
16%
44Achacachi8,447
12%
47Aiquile8,224
12%
26Ascensión de Guarayos18,816
12%
16Bermejo35,411
12%
15Guayaramerín36,008
12%
31Huanuni15,492
12%
19Llallagua28,069
12%
41Roboré9,882
12%
23San Ignacio de Velasco23,569
12%
58San Pedro5,002
12%
14Tiquipaya53,904
12%
27Villamontes18,761
12%
18Villazón30,253
12%
60Betanzos4,847
8%
80Boyuibe3,075
8%
87Entre Ríos2,685
8%
35Patacamaya12,260
8%
39Puerto Quijarro10,392
8%
32Punata15,194
8%
51Reyes7,376
8%
76Samaipata3,500
8%
50San Julian7,706
8%
78San Pablo3,245
8%
94Tarabuco2,428
8%
82Tiahuanaco3,037
8%
45Vallegrande8,422
8%
71Arani3,906
4%
66Buena Vista4,282
4%
56Capinota5,157
4%
83Charagua3,025
4%
57Chimoré5,147
4%
85Chulumani2,952
4%
43Cliza8,654
4%
36Colchani11,988
4%
69Colquiri3,933
4%
63Comarapa4,445
4%
28Cotoca18,347
4%
79Lahuachaca3,235
4%
33Mineros14,385
4%
42Pailón9,304
4%
38Portachuelo11,485
4%
96Quime2,404
4%
53San Matías6,352
4%
92Santa Rita2,444
4%
72Sipe Sipe3,776
4%
48Tarata8,043
4%
95Abapó2,419
0%
99Amarete2,203
0%
T89Batallas2,597
0%
70Colomi3,921
0%
97Eucaliptus2,373
0%
74Huatajata3,700
0%
84Irpa Irpa2,968
0%
68Jorochito4,013
0%
54La Bélgica5,501
0%
75Limoncito3,622
0%
81Los Negros3,046
0%
65Mairana4,298
0%
T89Mapiri2,597
0%
59Okinawa Número Uno4,944
0%
100Paurito2,191
0%
88Puesto de Pailas2,675
0%
67San Carlos4,180
0%
73San Juan del Surutú3,707
0%
93Santa Bárbara2,434
0%
55Santa Rosa del Sara5,251
0%
30Santiago del Torno15,543
0%
77Urubichá3,267
0%
29Villa Yapacaní18,187
0%
91Yumani2,500
0%

Score Distribution

Percentile by Number Answered

Percent of People with Each Score

Your Score History

You have not taken this quiz